书目信息 |
| 题名: |
积极行动
|
|
| 作者: | 方刚 主编 | |
| 分册: | ||
| 出版信息: | 北京 中国社会科学出版社 2017 |
|
| 页数: | 448页 | |
| 开本: | 24cm | |
| 丛书名: | 白丝带丛书 | |
| 单 册: | ||
| 中图分类: | G474 | |
| 科图分类: | ||
| 主题词: | 校园--性别--暴力行为--预防 | |
| 电子资源: | ||
| ISBN: | 978-7-5203-1579-1 | |
| 000 | 01238oam2 2200277 450 | |
| 001 | 012001005040 | |
| 005 | 20141007101152.0 | |
| 010 | @a978-7-5203-1579-1@dCNY78.00 | |
| 100 | @a20180513d2017 em y0chiy50 ea | |
| 101 | 0 | @achi |
| 102 | @aCN@b110000 | |
| 105 | @aa z 000yy | |
| 106 | @ar | |
| 200 | 1 | @a积极行动@9ji ji xing dong@e校园终止性别暴力工具包@dAction toolkit@eending gender-based violence on campus@f方刚主编@zeng |
| 210 | @a北京@c中国社会科学出版社@d2017 | |
| 215 | @a448页@c图@d24cm | |
| 225 | 1 | @a白丝带丛书@v07@f方刚主编 |
| 300 | @a法兰西共和国驻华使馆、南京理工大学泰州科技学院资助 | |
| 330 | @a本书大致分为八个部分:第一编是介绍一些基本概念,如针对妇女的暴力、性别暴力、家庭暴力、伴侣暴力、性暴力等;第二编内容用于培训家长来了解在校园暴力事件中应该如何帮助自己的孩子;第三编是对同伴教育者培训的工具,用来帮助同伴教育者更好地开展其工作;第四编至第六编是教育者用来教育青少年的工具;第七编至第九编是其他形式的教育工具。 | |
| 461 | 0 | @12001 @a白丝带丛书 |
| 510 | 1 | @aAction toolkit@eending gender-based violence on campus@zeng |
| 606 | 0 | @a校园@x性别@x暴力行为@x预防 |
| 690 | @aG474@v5 | |
| 701 | 0 | @a方刚@9fang gang@f(1968-)@4主编 |
| 801 | 0 | @aCN@b上海新华@c20180901 |
| 905 | @b1172324-8@dG474@e156@f5 | |
| 积极行动:校园终止性别暴力工具包=Action toolkit:ending gender-based violence on campus/方刚主编.-北京:中国社会科学出版社,2017 |
| 448页:图;24cm.-(白丝带丛书;07/方刚主编) |
| 法兰西共和国驻华使馆、南京理工大学泰州科技学院资助 |
| ISBN 978-7-5203-1579-1:CNY78.00 |
| 本书大致分为八个部分:第一编是介绍一些基本概念,如针对妇女的暴力、性别暴力、家庭暴力、伴侣暴力、性暴力等;第二编内容用于培训家长来了解在校园暴力事件中应该如何帮助自己的孩子;第三编是对同伴教育者培训的工具,用来帮助同伴教育者更好地开展其工作;第四编至第六编是教育者用来教育青少年的工具;第七编至第九编是其他形式的教育工具。 |
| ● |
| 相关链接 |
|
|
|
|
正题名:积极行动
索取号:G474/156
 
预约/预借
| 序号 | 登录号 | 条形码 | 馆藏地/架位号 | 状态 | 备注 |
| 1 | 1172324 | 211723241 | 第四借阅区/ [索取号:G474/156] | 在馆 | |
| 2 | 1172325 | 211723250 | 第一样本阅览室/ [索取号:G474/156] | 在馆 | |
| 3 | 1172326 | 211723269 | 第四借阅区/ [索取号:G474/156] | 在馆 | |
| 4 | 1172327 | 211723278 | 第四借阅区/ [索取号:G474/156] | 在馆 | |
| 5 | 1172328 | 211723287 | 密集书库-资源管理系/ [索取号:G474/156] | 在馆 |